Las aventuras de Till Eulespiegel / (Registro nro. 11933)

Detalles MARC
000 -LIDER
fixed length control field 00716nam a22002417a 4500
001 - NÚMERO DE CONTROL
Identificador de número de control 0011751
003 - IDENTIFICACDOR DE NÚMERO DE CONTROL
control field DO-SdBNP
005 - DATE AND TIME OF LATEST TRANSACTION
control field 20180209093315.0
007 - CAMPOS FIJOS DE DESCRIPCIÓN FÍSICA
fixed length control field 0011751
008 - ELEMENTOS DE LONGITUD FIJA
fixed length control field 161114b 1989 sp||||| |||| 00| 0 spa d
020 ## - ISBN
International Standard Book Number 8477122075
040 ## - FUENTE DE CATALOGACIÓN
Agencia que crea de manera original el registro BPMSU
Idioma de catalogación spa
Agencia que realiza la transcripción BPMSU
082 ## - NÚMERO DE CLASIFICACIÓN DECIMAL DE DEWEY
Classification number xxxxxxxx
Item number xxxxxxxx
245 04 - MENCIÓN DE TITULO
Título Las aventuras de Till Eulespiegel /
Mención de responsabilidad ilustración Agustí Asencio ; adaptación Eduard José
260 ## - PUBLICACIÓN, DISTRIBUCIÓN, ETC. (PIE DE IMPRENTA)
Lugar de publicación, distribución, etc Barcelona :
Nombre del editor, distribuidor, etc. Multilibro,
Fecha de publicación, distribución, etc 1989.
300 ## - DESCRIPCIÓN FÍSICA
Extensión 26 p. :
Otros detalles físicos il.,
Dimensiones 20 cm.
490 1# - MENCIÓN DE SERIES
Mención de serie Cuentos clásicos
Volume/sequential designation 20
700 1# - ASIENTO SECUNDARIO -- NOMBRE PERSONAL
Nombre personal Asencio, Agustí,
Mención de responsabilidad il.
830 #0 - ASIENTO SECUNDARIO DE SERIE--TÍTULO UNIFORME
Título uniforme Cuentos clásicos
Número de la parte o sección de una obra 20
942 ## - ADDED ENTRY ELEMENTS (KOHA)
Source of classification or shelving scheme Dewey Decimal Classification
Koha item type Libros
945 ## - INFORMACIÓN DE PROCESAMIENTO LOCAL
Información de procesamiento local inventariado, 2018 / dg
956 ## - LOCAL ELECTRONIC LOCATION AND ACCESS (OCLC)
Nombre de host BTAVÁREZ
Número de acceso 10
Información de compresión 20161114
Trayectoria 0011751
Existencias
Withdrawn status Lost status Source of classification or shelving scheme Damaged status Not for loan Collection code Home library Current library Date acquired Total Checkouts Full call number Barcode Date last seen Price effective from Koha item type
    Dewey Decimal Classification     Colección Infantil General Biblioteca Pública Metropolitana Salomé Ureña Biblioteca Pública Metropolitana Salomé Ureña 11/14/2016   xxxxxxxx xxxxxxxx BPMSU16111267 11/14/2016 11/14/2016 Libros